000 01370nam a22002537a 4500
001 112946
003 DR-UNIBE
005 20251202062552.0
008 240711b2006 dr ||||| |||| 00| 0 spa d
040 _aBIBLIOTECA UNIBE
_cBIBLIOTECA UNIBE
_erda
_bspa
041 _aspa
082 _aRD 342.7293 L937j
100 1 0 _aLuciano Pichardo, Rafael,
_d1939-2024
_eautor
_930823
245 1 3 _aLa justicia constitucional :
_bel control constitucional (A) y el amparo como instrumento de protección de los derechos fundamentales (B) /
_cRafael Luciano Pichardo
250 _aPrimera edición
260 _aSanto Domingo :
_b[Editor no identificado],
_c2006
300 _aix, 226 páginas :
_c21 x 14 cm
505 0 _aIntroducción | (A). El control del constitucionalismo | Elementos esenciales de los procedimientos de control de constitucionalidad | (B). El amparo como instrumento de protección de los derechos fundamentales | El procedimiento del amparo en la República Dominicana. La sentencia | Anexos
650 7 _2lemb
_aDerechos humanos
_zRepública Dominicana
_9201098
651 7 _2lemb
_aRepública Dominicana
_xDerecho constitucional
_95535
700 0 _aSangiovanni Tamayo, Shidarta
_ediseñador de portada
_9182830
710 1 0 _9154572
_aCentro de Documentación e Información Judicial Dominicano (CENDIJD)
_ediagramador
_ecorrector de estilo
942 _2ddc
_cBK
999 _c112946
_d112946